000 00225 a2200097 4500
001 12927
100 _aEsmailzadeh,Riaz
245 _aTDD-CDMA for Wireless communications
260 _a
_bArtech House
_c
090 _c9916
_d9916
942 _aNUST-CAE
_cM
_c36840
999 _c248000
_d248000